000 00610nam a2200181 i 4500
001 78439
003 ES-MaACL
005 20230906173712.0
007 t|
008 041014s1935 sp ||||1| spa d
100 1 _aHári, Paul.
_961846
245 1 0 _aQuímica fisiológica
_b: un curso para médicos y estudiantes /
_cpor Paul Hári ; traducción de la 4ª edición alemana por A. Oriol Anguera y A. Folch Pi.
260 _aBarcelona :
_bLabor,
_c1935.
300 _aXIV, 443 p. ;
_c23 cm.
700 1 _aOriol Anguera, Antonio.
_987265
700 1 _aFolch i Pi, Alberto.
_951452
852 _aES-MaACL
_jA-3510
999 _c78439
_d78439